书目信息 |
| 题名: |
浙东思想家评传
|
|
| 作者: | 张伟 主编 | |
| 分册: | ||
| 出版信息: | 北京 海洋出版社 2009 |
|
| 页数: | 227页 | |
| 开本: | 25cm | |
| 丛书名: | ||
| 单 册: | ||
| 中图分类: | B215 | |
| 科图分类: | ||
| 主题词: | 思想家--评传--浙江省--古代 , 思想家 | |
| 电子资源: | ||
| ISBN: | 978-7-5027-7588-9 | |
| 000 | 00795nam0 2200229 45 | |
| 005 | 20100301112704.04 | |
| 010 | @a978-7-5027-7588-9@dCNY42.00 | |
| 100 | @a20091230d2009 em y0chiy50 ea | |
| 101 | 0 | @achi |
| 102 | @aC@b110000 | |
| 105 | @ay z 000yd | |
| 106 | @ar | |
| 200 | 1 | @a浙东思想家评传@AZhe Dong Si Xiang Jia Ping Chuan@f张伟主编@FZhang Wei Zhu Bian |
| 210 | @a北京@c海洋出版社@d2009 | |
| 215 | @a227页@d25cm | |
| 330 | @a本书从“大浙东”概念入手,选取这一区域在历史各个时期有较大影响的13位思想家,就其生平履历、思想特点以及他们在浙东乃至在整个中国思想史上的地位和贡献作一客观的评述。 | |
| 606 | 0 | @a思想家@x评传@y浙江省@z古代 |
| 606 | 0 | @a思想家 |
| 690 | @aB215@v4 | |
| 701 | 0 | @a张伟@AZhang Wei@4主编 |
| 801 | 0 | @aCN@bTANGWEI@c20100301 |
| 905 | @b0583813-17@dB215@e131@f5 | |
| 浙东思想家评传/张伟主编.-北京:海洋出版社,2009 |
| 227页;25cm |
| ISBN 978-7-5027-7588-9:CNY42.00 |
| 本书从“大浙东”概念入手,选取这一区域在历史各个时期有较大影响的13位思想家,就其生平履历、思想特点以及他们在浙东乃至在整个中国思想史上的地位和贡献作一客观的评述。 |
| ● |
| 相关链接 |
|
|
|
|
正题名:浙东思想家评传
索取号:B215/131
 
预约/预借
| 序号 | 登录号 | 条形码 | 馆藏地/架位号 | 状态 | 备注 |
| 1 | 0583813 | 205838138 | 第一样本阅览室/ [索取号:B215/131] | 在馆 | |
| 2 | 0583814 | 205838147 | 第一借阅区/ [索取号:B215/131] | 在馆 | |
| 3 | 0583815 | 205838156 | 第一借阅区/ [索取号:B215/131] | 在馆 | |
| 4 | 0583816 | 205838165 | 第一借阅区/ [索取号:B215/131] | 在馆 | |
| 5 | 0583817 | 205838174 | 第一借阅区/ [索取号:B215/131] | 在馆 |